000 00572nam a2200253Ia 4500
005 20260306154503.0
008 008 260114s9999 xx 000 0 eng d
020 _a9781009099127
037 _aEBOOK
040 _aCRL
040 _beng
040 _cCRL
041 _2eng
041 _aeng
084 _qCRL
100 _aGibson
245 0 _aEthics and Business
260 _bCambridge University Press
260 _c2022
650 _a Philosophy
856 _uhttps://doi.org/10.1017/9781009099127
942 _cEBOOK
999 _c1707715
_d1707715